<?xml version="1.0" encoding="UTF-8"?>
<collection xmlns="http://www.loc.gov/MARC21/slim">
  <record>
    <leader>00000nam  2200000   4500</leader>
    <controlfield tag="001">INLIS000000000810105</controlfield>
    <controlfield tag="005">20251016022026</controlfield>
    <datafield tag="035" ind1="#" ind2="#">
      <subfield code="a">0010-1025000088</subfield>
    </datafield>
    <controlfield tag="008">251016###########################0#ind##</controlfield>
    <datafield tag="245" ind1="#" ind2="#">
      <subfield code="a">Ramadhan Agar Tak Sekedar Puasa Lapar Dan Dahaga /</subfield>
      <subfield code="c">Ustadz Muhammad Abduh Tuasikal, M.Sc.</subfield>
    </datafield>
    <datafield tag="260" ind1="#" ind2="#">
      <subfield code="b">AQWAM</subfield>
    </datafield>
    <datafield tag="082" ind1="#" ind2="#">
      <subfield code="a">297.382</subfield>
    </datafield>
    <datafield tag="084" ind1="#" ind2="#">
      <subfield code="a">297.382 ABD r</subfield>
    </datafield>
  </record>
</collection>
